|
|
|
|
| LEADER |
00913nab a2200217 i 4500 |
| 001 |
acta65717 |
| 005 |
20250324105859.0 |
| 008 |
200226s2013 hu o 000 hun d |
| 020 |
|
|
|a 978-963-9573-99-4
|
| 040 |
|
|
|a SZTE Egyetemi Kiadványok Repozitórium
|b hun
|
| 041 |
|
|
|a hun
|
| 100 |
1 |
|
|a Bauer Béla
|
| 245 |
1 |
2 |
|a A MOZAIK2011 kutatás legfontosabb eredményei
|h [elektronikus dokumentum] /
|c Bauer Béla
|
| 260 |
|
|
|a Belvedere Meridionale ; Nemzeti Család- és Szociálpolitikai Intézet
|b Szeged ; Budapest
|c 2013
|
| 300 |
|
|
|a 13-27
|
| 490 |
0 |
|
|a Mozaik2011 - Magyar fiatalok a Kárpát-medencében
|
| 650 |
|
4 |
|a Társadalomtudományok
|
| 650 |
|
4 |
|a Szociológia
|
| 695 |
|
|
|a Ifjúság helyzete - magyar - Kárpát-medence - 2011, Ifjúságszociológia - magyar - Kárpát-medence - 2011
|
| 700 |
0 |
1 |
|a Pillók Péter
|e aut
|
| 856 |
4 |
0 |
|u http://acta.bibl.u-szeged.hu/65717/1/mozaik_2011_013-027.pdf
|z Dokumentum-elérés
|